[Event "EU-ch U18"]
[Site "Murek"]
[Date "1998.??.??"]
[Round "7"]
[White "Parligras, Mircea"]
[Black "Vink, Nico"]
[Result "1-0"]
[WhiteElo "2375"]
[BlackElo "2285"]

1.e4 c5 2.Nf3 d6 3.d4 cxd4 4.Nxd4 Nf6 5.Nc3 a6 6.Be3 e5 7.Nb3 Be7 8.f4 Qc7
9.Qd2 Be6 10.O-O-O Nbd7 11.h3 b5 12.g4 Nb6 13.g5 Nh5 14.f5 Bc4 15.Qf2 Na4
16.Nd5 Bxd5 17.exd5 Rc8 18.Rd2 Nf4 19.Bxf4 exf4 20.Qxf4 h6 21.f6 hxg5 22.fxg7 Rg8
23.Qf5 Rxg7 24.Be2 Qd8 25.Rf1 Kf8 26.Bh5 Rc4 27.Nd4 Nc5 28.Bxf7 Bf6 29.Be6 Ke8
30.Nc6 Bxb2+ 31.Kxb2 Na4+ 32.Ka1  1-0

[Event "RUS-ch sf"]
[Site "Novosibirsk"]
[Date "1998.??.??"]
[Round "?"]
[White "Eismont, Oleg"]
[Black "Isupov, Vladimir"]
[Result "1/2-1/2"]
[WhiteElo "2470"]
[BlackElo "2365"]

1.e4 c5 2.Nc3 d6 3.Nf3 Nf6 4.d4 cxd4 5.Nxd4 a6 6.Be3 e5 7.Nf3 Be7 8.Bc4 O-O
9.O-O Be6 10.Bb3 h6 11.Qe2 Nc6 12.Rfd1 Qc7 13.h3 Na5 14.Nd5 Nxd5 15.Bxd5 Nc4
16.c3 Rac8 17.Nh2 b5 18.Ng4 Kh7 19.a4 Rb8 20.axb5 Rxb5 21.Bxe6 fxe6 22.Bc1 Rfb8
23.Ra2 a5 24.Ne3 Nxe3 25.Bxe3 Qc6 26.Qc2 h5  1/2-1/2

[Event "GER-ch U17"]
[Site "Oberhof"]
[Date "1998.??.??"]
[Round "?"]
[White "Haensel, Thomas"]
[Black "Wegener, Olaf"]
[Result "1/2-1/2"]
[WhiteElo "2090"]
[BlackElo "2175"]

1.e4 c5 2.Nf3 d6 3.d4 cxd4 4.Nxd4 Nf6 5.Nc3 a6 6.Be3 Ng4 7.Bg5 h6 8.Bh4 g5
9.Bg3 Bg7 10.Be2 h5 11.Bxg4 Bxg4 12.f3 Bd7 13.Qd2 Nc6 14.Bf2 Ne5 15.b3 Qa5
16.Nd5 Qxd2+ 17.Kxd2 Rd8 18.Rac1 e6 19.Nb6 Bc6 20.c4 g4 21.Nxc6 bxc6 22.f4 Nd7
23.Nxd7 Kxd7 24.Ke2 f5 25.exf5 exf5 26.Kd3 Rde8 27.Rhe1 c5 28.Rxe8 Rxe8 29.Re1 Rxe1
30.Bxe1  1/2-1/2

[Event "Ostrava Cup"]
[Site "Ostrava"]
[Date "1998.??.??"]
[Round "11"]
[White "Stocek, Jiri"]
[Black "Dydyshko, Viacheslav"]
[Result "0-1"]
[WhiteElo "2470"]
[BlackElo "2495"]

1.e4 c5 2.Nf3 d6 3.d4 cxd4 4.Nxd4 Nf6 5.Nc3 a6 6.Be3 e5 7.Nb3 Be6 8.f3 Be7
9.Qd2 Nbd7 10.g4 Nb6 11.O-O-O Qc7 12.h4 Rc8 13.Kb1 Nc4 14.Bxc4 Qxc4 15.h5 h6
16.g5 hxg5 17.Bxg5 Rd8 18.h6 gxh6 19.Bxf6 Bxf6 20.Rxh6 Rxh6 21.Qxh6 Ke7 22.a3 Rc8
23.Nd2 Qc5 24.Nf1 Rg8 25.Qd2 Rg1 26.Ne3 Rxd1+ 27.Nexd1 Qd4 28.Qh6 Qg1 29.b3 Qg5
30.Qh2 Bg7 31.Nd5+ Bxd5 32.exd5 f5 33.Qe2 Qf4 34.Nf2 Qd4 35.c4 Qc3 36.Qc2 Qxf3
37.c5 Qxd5 38.Qxf5 Qxb3+  0-1

[Event "Ostrava Cup"]
[Site "Ostrava"]
[Date "1998.??.??"]
[Round "11"]
[White "Cicak, Slavko"]
[Black "Shtyrenkov, Veniamen"]
[Result "0-1"]
[WhiteElo "2460"]
[BlackElo "2495"]

1.e4 c5 2.Nf3 d6 3.d4 cxd4 4.Nxd4 Nf6 5.Nc3 a6 6.Be3 e5 7.Nb3 Be6 8.f3 Be7
9.Qd2 O-O 10.O-O-O b5 11.g4 Nbd7 12.g5 b4 13.Ne2 Nh5 14.Kb1 a5 15.Ng3 Nf4
16.Bxf4 exf4 17.Qxf4 Bxg5 18.Qxd6 Qf6 19.Be2 a4 20.Nc5 Nxc5 21.Qxc5 Rfc8
22.Qxb4 a3 23.Bb5 axb2 24.a4 Rab8 25.c4 g6  0-1

[Event "HUN-ch U14"]
[Site "Paks"]
[Date "1998.??.??"]
[Round "4"]
[White "Hudecz, Viktor"]
[Black "Mihalik, Agoston"]
[Result "1-0"]
[WhiteElo "2135"]
[BlackElo "2130"]

1.e4 c5 2.Nf3 d6 3.d4 cxd4 4.Nxd4 Nf6 5.Nc3 a6 6.Be3 Ng4 7.Bg5 h6 8.Bh4 g5
9.Bg3 Bg7 10.Nb3 Nc6 11.h3 Nge5 12.Be2 Be6 13.Nd5 Rc8 14.O-O Rg8 15.c3 Nd7
16.Qd2 Bh8 17.Rae1 Nf8 18.Kh1 b5 19.Nc1 Rb8 20.Nd3 Qd7 21.Qe3 Rd8 22.f4 gxf4
23.N3xf4 Ne5 24.Bh5 Bxd5 25.Nxd5 Nfg6 26.Qxh6 Qb7 27.Qe3 Rf8 28.Nf4 Nc4 29.Qe2 Nxf4
30.Bxf4 Bf6 31.Bh2 Kd7 32.Bf3 Ne5 33.Rd1 Kc7 34.b3 Kb8 35.a4 Rc8 36.axb5 Qxb5
37.c4 Qc6 38.Rd5 Qb6 39.Rb1 Nxc4 40.Qa2 Ne5 41.Be2 Kc7 42.Qxa6 Qxa6 43.Bxa6 Ra8
44.Bf1 Rfb8 45.Rb5 Rxb5 46.Bxb5 Kb6 47.Bf1 Ra2 48.Bg1+ Kb7 49.Bd4 Ra8 50.Ra1 Rxa1
51.Bxa1 Nd7 52.Bxf6 Nxf6 53.Bd3 Kc6 54.b4 Nd7 55.g4 Ne5 56.Be2 d5 57.exd5+ Kxd5
58.Kg2 Kd4 59.Kg3 Ke3 60.Bf1 e6 61.g5 Kd4 62.h4 Ke4 63.Bh3 Kd4 64.b5 Kc5
65.Bf1 Kd6 66.h5 Ke7 67.b6 Nd7 68.b7 f5 69.Bb5 Nb8 70.Kf4 Kf8 71.Ke5 Ke7
72.g6 f4 73.h6 Kf8 74.Kxf4 Kg8 75.Ke5 Kh8 76.Kxe6 Kg8 77.g7 Kh7 78.Kf7 Kxh6
79.g8=Q Kh5 80.Be2+  1-0

[Event "Atom Cup IM 3rd"]
[Site "Paks"]
[Date "1998.??.??"]
[Round "6"]
[White "Sebe, Florin"]
[Black "Krutti, Valer"]
[Result "1/2-1/2"]
[WhiteElo "2235"]
[BlackElo "2360"]

1.e4 c5 2.Nf3 d6 3.d4 cxd4 4.Nxd4 Nf6 5.Nc3 a6 6.Be3 e5 7.Nb3 Be6 8.f3 Nbd7
9.Qd2 Be7 10.O-O-O b5 11.g4 h6 12.h4 b4 13.Nd5 Bxd5 14.exd5 Nb6 15.Qxb4 Nfxd5
16.Bxb6 Nxb6 17.Qe4 Qc7 18.f4 exf4 19.Qxf4 O-O 20.Bd3 Qd8 21.Qe4 g6 22.h5 d5
23.Qf3 Qd6 24.Kb1 Bg5 25.Rhe1 a5 26.Nd4 Na4 27.Bb5 Nc5 28.Qa3 Qb6 29.Bc6 Rad8
30.hxg6 fxg6 31.Ne6 Qxc6 32.Qxc5 Qxc5 33.Nxc5 Rf2 34.Ne6 Rc8 35.Nxg5 hxg5  1/2-1/2

[Event "HUN-ch U20"]
[Site "Paks"]
[Date "1998.??.??"]
[Round "9"]
[White "Turzo, Attila"]
[Black "Joo, Gabor"]
[Result "1-0"]
[WhiteElo "2415"]
[BlackElo "2065"]

1.e4 c5 2.Nf3 d6 3.d4 cxd4 4.Nxd4 Nf6 5.Nc3 a6 6.Be3 Ng4 7.Bg5 h6 8.Bh4 g5
9.Bg3 Bg7 10.Bc4 Nc6 11.Nxc6 bxc6 12.h4 Qb6 13.Bb3 Qb4 14.Qf3 Nf6 15.e5 Nd5
16.a3 Qg4 17.Nxd5 Qxf3 18.Nc7+ Kd8 19.gxf3 Kxc7 20.exd6+ exd6 21.O-O-O gxh4
22.Bxd6+ Kb7 23.Rxh4 Be6 24.Rb4+ Kc8 25.Ba4 Bd7 26.Rb6 Re8 27.Rxc6+ Bxc6
28.Bxc6  1-0

[Event "Pardubice Czech op"]
[Site "Pardubice"]
[Date "1998.??.??"]
[Round "5"]
[White "Jirovsky, Petr"]
[Black "Jaracz, Pawel"]
[Result "1/2-1/2"]
[WhiteElo "2365"]
[BlackElo "2480"]

1.e4 c5 2.Nf3 d6 3.d4 cxd4 4.Nxd4 Nf6 5.Nc3 a6 6.Be3 e5 7.Nb3 Be6 8.f3 Nbd7
9.Qd2 h5 10.a4 Be7 11.O-O-O O-O 12.Qf2 Qc7 13.Kb1 Rfc8 14.Nd5 Nxd5 15.exd5 Bf5
16.Bd3 Bxd3 17.Rxd3 Qc4 18.a5 Bd8 19.Rc1 Qb5 20.g4 h4 21.g5 Rc4 22.f4 Rac8
23.Qd2 Ra4 24.Rc3 Rxc3 25.Qxc3 Bxa5 26.Qc8+ Kh7 27.f5 Bb6 28.g6+ fxg6 29.fxg6+ Kxg6
30.Bxb6 Nxb6 31.Rg1+ Kh7 32.Qf5+ Kg8 33.Qe6+ Kh8 34.Qxd6 Rf4 35.Qxe5 Rf1+
36.Rxf1 Qxf1+ 37.Ka2 Qb5 38.Qb8+ Kh7 39.Qxb7 Nxd5 40.Qxb5 axb5 41.Nd4  1/2-1/2

[Event "Pardubice Czech op"]
[Site "Pardubice"]
[Date "1998.??.??"]
[Round "8"]
[White "Biolek, Richard"]
[Black "Szekely, Peter"]
[Result "1/2-1/2"]
[WhiteElo "2425"]
[BlackElo "2475"]

1.e4 c5 2.Nf3 d6 3.d4 cxd4 4.Nxd4 Nf6 5.Nc3 a6 6.Be3 Ng4 7.Bg5 h6 8.Bh4 g5
9.Bg3 Bg7 10.Be2 h5 11.h4 gxh4 12.Bxh4 Nc6 13.Nb3 Be6 14.Nd5 Bxd5 15.exd5 Nce5
16.a4 Ng6 17.a5 Qc8 18.c3 Qf5 19.Bg3 Nf6  1/2-1/2

[Event "HUN-ch op"]
[Site "Pecs"]
[Date "1998.??.??"]
[Round "1"]
[White "Turzo, Attila"]
[Black "Manojlovic, Sava"]
[Result "1-0"]
[WhiteElo "2415"]
[BlackElo "2140"]

1.e4 c5 2.Nf3 d6 3.d4 cxd4 4.Nxd4 Nf6 5.Nc3 a6 6.Be3 e5 7.Nf3 Qc7 8.a4 Be7
9.Be2 Be6 10.Ng5 Bc4 11.O-O h6 12.Nf3 Nbd7 13.a5 O-O 14.Bxc4 Qxc4 15.Ra4 Qc7
16.Nd2 Rac8 17.Qe2 Rfe8 18.Rd1 Bf8 19.Nf1 g6 20.f3 Qb8 21.Bf2 Rc6 22.Ne3 Rec8
23.Nc4 Qc7 24.b3 Nc5 25.Raa1 Ne6 26.Bb6 Rxb6 27.axb6 Qc5+ 28.Qf2 Nd4 29.Ra5 Qc6
30.Nd5 Nd7 31.Nb4  1-0

[Event "HUN-ch op"]
[Site "Pecs"]
[Date "1998.??.??"]
[Round "4"]
[White "Anka, Emil"]
[Black "Gyimesi, Zoltan"]
[Result "1/2-1/2"]
[WhiteElo "2420"]
[BlackElo "2505"]

1.e4 c5 2.Nf3 d6 3.d4 cxd4 4.Nxd4 Nf6 5.Nc3 a6 6.Be3 Ng4 7.Bg5 h6 8.Bh4 g5
9.Bg3 Bg7 10.Qd2 Nc6 11.Nb3 b5 12.f3 Nge5 13.Bf2 Na5 14.Nxa5 Qxa5 15.Bd4 Be6
16.a3 Rc8 17.Rd1 Bc4 18.Nd5 Qxd2+ 19.Rxd2 Rg8 20.Ne3 Bxf1 21.Rxf1 Nc4 22.Nxc4 Rxc4
23.Bxg7 Rxg7 24.Kf2 f6 25.c3 Kd7 26.Rfd1 Rg8 27.Rd5 Rb8 28.h4 Ke6 29.Kg3 a5
30.R1d4 Rc6 31.Kg4 b4 32.axb4 axb4 33.Rxb4 Rxb4 34.cxb4 Rc2 35.g3 Rxb2 36.Rb5 Rb3
37.h5 Rc3 38.Rb8 Rc4 39.Kh3 Rc3 40.Kg4 Rc4 41.Kh3 Rc3 42.Kg4 Rc4  1/2-1/2

[Event "Plzen opJ"]
[Site "Plzen"]
[Date "1998.??.??"]
[Round "1"]
[White "Simacek, Pavel"]
[Black "Teterev, Vitalij"]
[Result "1-0"]
[WhiteElo "2350"]
[BlackElo "2040"]

1.e4 c5 2.Nf3 d6 3.d4 cxd4 4.Nxd4 Nf6 5.Nc3 a6 6.Be3 Ng4 7.Bg5 h6 8.Bh4 g5
9.Bg3 Bg7 10.Be2 h5 11.Bxg4 Bxg4 12.f3 Bd7 13.Bf2 Nc6 14.O-O Be5 15.Nd5 Rb8
16.c3 e6 17.Ne3 b5 18.Qd3 Ne7 19.Rad1 Ng6 20.g3 Bg7 21.Qe2 O-O 22.Be1 Re8
23.Kh1 Qc7 24.Qg2 Bc8 25.Qh3 g4 26.Qxh5 gxf3 27.Nxf3 Bb7 28.Ng5 Nh8 29.Qh7+ Kf8
30.Ng4 Qc5 31.Qxh8+  1-0

[Event "Plzen opJ"]
[Site "Plzen"]
[Date "1998.??.??"]
[Round "5"]
[White "Simacek, Pavel"]
[Black "Solodovnichenko, Yuri"]
[Result "1/2-1/2"]
[WhiteElo "2350"]
[BlackElo "2415"]

1.e4 c5 2.Nf3 d6 3.d4 cxd4 4.Nxd4 Nf6 5.Nc3 a6 6.Be3 Nc6 7.Bc4 e6 8.Qe2 Qc7
9.Bb3 Be7 10.O-O-O O-O 11.Rhg1 b5 12.g4 b4 13.Nxc6 Qxc6 14.Nd5 exd5 15.g5 Nxe4
16.Bxd5 Qa4 17.Bxa8 Nc3 18.bxc3 Qa3+ 19.Kd2 Qxc3+  1/2-1/2

[Event "Ptuj"]
[Site "Ptuj"]
[Date "1998.??.??"]
[Round "?"]
[White "Maksimenko, Andrei"]
[Black "Tratar, Marko"]
[Result "1/2-1/2"]
[WhiteElo "2500"]
[BlackElo "2450"]

1.e4 c5 2.Nf3 d6 3.d4 Nf6 4.Nc3 cxd4 5.Nxd4 a6 6.Be3 Ng4 7.Bg5 h6 8.Bh4 g5
9.Bg3 Bg7 10.Be2 h5 11.Bxg4 hxg4 12.O-O Bxd4 13.Qxd4 f6 14.Nd5 Kf7 15.Nb6 Nc6
16.Qe3 Rb8 17.Rfd1 Qf8 18.c4 e5 19.Qa3 Be6 20.Rd2 Rd8 21.Rad1 Nd4 22.Rxd4 exd4
23.Rxd4 Qe8 24.Qa5 Qc6  1/2-1/2

[Event "CRO-chT2"]
[Site "Pula"]
[Date "1998.??.??"]
[Round "4"]
[White "Vitic, Ivan"]
[Black "Vrban, Mladen"]
[Result "1-0"]
[WhiteElo "2300"]
[BlackElo "2310"]

1.e4 c5 2.Nf3 d6 3.d4 cxd4 4.Nxd4 Nf6 5.Nc3 a6 6.Be3 e5 7.Nf3 h6 8.Bc4 Qc7
9.Qe2 b5 10.Nd5 Nxd5 11.Bxd5 Bb7 12.O-O-O Be7 13.Kb1 Nd7 14.Bc1 Rc8 15.Rhe1 O-O
16.b3 Bxd5 17.Rxd5 Rfd8 18.Bb2 Nf8 19.Red1 Ne6 20.g3 Qb6 21.h4 b4 22.Nh2 Nc7
23.R5d3 Nb5 24.Ng4 a5 25.Ne3 Qa6 26.Nd5 Bf8 27.Qe3 Rc5 28.f4 Rdc8 29.Rc1 Qc6
30.Rd2 Rc3 31.Qf2 exf4 32.gxf4 Rh3 33.Rg1 Nc3+ 34.Bxc3 bxc3 35.Rdd1 a4 36.Qd4 axb3
37.Ne7+ Kh7 38.Nxc6 bxc2+ 39.Kxc2 Rh2+ 40.Kxc3 Rxc6+ 41.Kd3 Rh3+ 42.Ke2 Rh2+
43.Ke1 Rcc2 44.a4 g6 45.f5 Be7 46.fxg6+ fxg6 47.Rb1 d5 48.Kd1 dxe4 49.Rb7  1-0

[Event "CRO-chT2"]
[Site "Pula"]
[Date "1998.??.??"]
[Round "7"]
[White "Varga, Zoltan"]
[Black "Bistric, Faruk"]
[Result "1/2-1/2"]
[WhiteElo "2520"]
[BlackElo "2430"]

1.e4 c5 2.Nf3 d6 3.d4 cxd4 4.Nxd4 Nf6 5.Nc3 a6 6.Be3 e5 7.Nb3 Be6 8.Nd5 Nbd7
9.f3 Nxd5 10.exd5 Bf5 11.Qd2 Be7 12.Bc4 a5 13.Be2 a4 14.Nc1  1/2-1/2

[Event "Pula op"]
[Site "Pula"]
[Date "1998.??.??"]
[Round "8"]
[White "Socko, Bartosz"]
[Black "Vadla, Zeljko"]
[Result "1-0"]
[WhiteElo "2485"]
[BlackElo "2225"]

1.e4 c5 2.Nf3 d6 3.d4 cxd4 4.Nxd4 Nf6 5.Nc3 a6 6.Be3 e6 7.f3 b5 8.g4 h6 9.h4 e5
10.Nb3 Be6 11.Qd2 Nbd7 12.O-O-O Nb6 13.Qf2 Nfd7 14.Kb1 Rc8 15.Nd5 Bxd5 16.exd5 Nc4
17.Bxc4 bxc4 18.Nc1 g6 19.f4 Bg7 20.f5 Rb8 21.fxg6 fxg6 22.Qe2 O-O 23.Qxc4 a5
24.c3 Rf3 25.Qe2 e4 26.Bd4 Nc5 27.Nb3 Nxb3 28.axb3 Bxd4 29.Rxd4 Qf6 30.Rxe4 Rf2
31.Qc4 Qf3 32.Rhe1 Qg2 33.R4e2 Rbf8 34.Rxf2 Qxf2 35.Re6 Qf1+ 36.Ka2 Qxc4
37.bxc4 Kg7 38.Rxd6 Rf4 39.c5 Rxg4 40.c6 Rc4 41.Kb3 Rc5 42.c4  1-0

[Event "Regensburg op"]
[Site "Regensburg"]
[Date "1998.??.??"]
[Round "4"]
[White "Gallagher, Joseph G"]
[Black "Naumann, Alexander"]
[Result "1-0"]
[WhiteElo "2490"]
[BlackElo "2375"]

1.e4 c5 2.Nf3 d6 3.d4 cxd4 4.Nxd4 Nf6 5.Nc3 a6 6.Be3 Ng4 7.Bc1 Nf6 8.Be2 e6
9.O-O Be7 10.f4 Qc7 11.Be3 Nc6 12.Qe1 O-O 13.Rd1 Nxd4 14.Bxd4 b5 15.a3 Bb7
16.Bd3 Bc6 17.Qg3 Nh5 18.Qh3 Nxf4 19.Rxf4 e5 20.Nd5 Bxd5 21.exd5 g6 22.Bc3 exf4
23.Qh6 f6 24.Bxg6 Bd8 25.Bf5 Qg7 26.Qxf4 Bb6+ 27.Kh1 Rae8 28.Rd3 Qe7 29.Qh4 Kh8
30.Bg6 Rc8 31.Bxh7 Bf2 32.Qxf2 Kxh7 33.Qh4+  1-0

[Event "SWE-ch"]
[Site "Ronneby"]
[Date "1998.??.??"]
[Round "9"]
[White "Ernst, Thomas"]
[Black "Astrom, Robert"]
[Result "0-1"]
[WhiteElo "2410"]
[BlackElo "2460"]

1.e4 c5 2.Nf3 d6 3.d4 cxd4 4.Nxd4 Nf6 5.Nc3 a6 6.Be3 e5 7.Nf3 Be7 8.Bc4 O-O
9.Qe2 h6 10.O-O Be6 11.Rfd1 Qc7 12.Nd5 Nxd5 13.Bxd5 Bxd5 14.Rxd5 Nd7 15.Rdd1 Rfc8
16.Rac1 b5 17.Nd2 Qb7 18.c4 b4 19.f3 a5 20.Nf1 Ra6 21.Ng3 Bf8 22.Nf5 Kh7
23.Bf2 g6 24.Ne3 Be7 25.Nd5 Bg5 26.Rc2 Nc5 27.h4 Bd8 28.h5 gxh5 29.Bxc5 dxc5
30.Ne3 Bg5 31.Rcd2 Qc6 32.Rd7 Bxe3+ 33.Qxe3 Qf6 34.Rb7 Rg8 35.Kf1 h4 36.Qxc5 h3
37.Qe7 Rxg2 38.Qxf7+ Qxf7 39.Rxf7+ Kg6 40.Rf5 Rxb2 41.Kg1 Rxa2 42.Rxe5 a4
43.Rb5 b3 44.c5 b2 45.Rb1 a3 46.Rb6+ Rxb6 47.cxb6 Ra1 48.b7 Rxb1+ 49.Kf2 Rf1+  0-1

[Event "SWE-ch"]
[Site "Ronneby"]
[Date "1998.??.??"]
[Round "10"]
[White "Ernst, Thomas"]
[Black "Hedman, Erik"]
[Result "1/2-1/2"]
[WhiteElo "2410"]
[BlackElo "2310"]

1.e4 c5 2.Nf3 d6 3.d4 cxd4 4.Nxd4 Nf6 5.Nc3 a6 6.Be3 e5 7.Nf3 Qc7 8.a4 Be7
9.Be2 O-O 10.O-O Be6 11.Ng5 Bc4 12.Bxc4 Qxc4 13.a5 Nbd7 14.Ra4 Qc6 15.Qd3 Nc5
16.Bxc5 Qxc5 17.Nf3 Rfd8 18.Rd1 Rac8 19.Nd2 b5 20.axb6 Qxb6 21.Nc4 Qb7 22.Nd5 Nxd5
23.Qxd5 Qb6 24.b3 Rc5 25.Qd3 h6 26.Ne3 Bg5 27.c4 Qc6 28.Nd5 a5 29.Nc3 Rd7
30.Ra2 Qb7 31.Nb5 Bd8 32.Qe2 Rc6 33.Rad2 g6 34.g3 h5 35.Rd5 Kh7 36.Qd3 a4
37.bxa4 Qa6 38.Qc3 Bb6 39.Rxe5 Qb7 40.Red5 Re7 41.Qf3 Bc5 42.Nxd6 Bxd6 43.Rxd6 Rxc4
44.Rd8 Rcxe4 45.a5 Qc7 46.Qc3 R4e5 47.Qxc7 Rxc7 48.R8d7 Rxd7 49.Rxd7 Rxa5
50.Rxf7+ Kh6 51.h4 Ra3 52.Kg2 Rb3 53.Re7 Ra3 54.f4 Rb3 55.Kf2 Ra3 56.Re3 Ra2+
57.Kf3 Kg7 58.Re5 Ra3+ 59.Kg2 Ra2+ 60.Kh3 Rf2  1/2-1/2

[Event "ESP-chT"]
[Site "Salamanca"]
[Date "1998.??.??"]
[Round "8"]
[White "Vehi Bach, Victor Manuel"]
[Black "Paramos Dominguez, Roberto"]
[Result "1/2-1/2"]
[WhiteElo "2390"]
[BlackElo "2435"]

1.e4 c5 2.Nf3 d6 3.d4 cxd4 4.Nxd4 Nf6 5.Nc3 a6 6.Be3 Ng4 7.Bg5 h6 8.Bh4 g5
9.Bg3 Bg7 10.Be2 h5 11.Bxg4 Bxg4 12.f3 Bd7 13.Bf2 Nc6 14.Qd2 Ne5 15.b3 e6
16.Nde2 Rc8 17.Bd4 Qa5 18.O-O Rg8 19.Kh1 Bh8 20.Qe3 Qc7 21.a4 Bc6 22.a5 h4
23.Na4 Qe7 24.Nb6 Rd8 25.h3 Ng6 26.Rad1 Be5 27.c4 f6 28.b4 Kf7 29.Rd2 Nf4
30.Rfd1 Nh5 31.Bxe5 dxe5 32.c5 Rxd2 33.Rxd2 Bb5 34.Kg1 Rd8 35.Nc3 Bc6 36.Nc4 Rxd2
37.Qxd2 Nf4 38.Kf2 Kg6 39.Nd6  1/2-1/2

[Event "Santiago Esucomex op"]
[Site "Santiago"]
[Date "1998.??.??"]
[Round "6"]
[White "Barria, Daniel"]
[Black "Llanos, Guillermo"]
[Result "1-0"]
[WhiteElo "2365"]
[BlackElo "2370"]

1.e4 c5 2.Nf3 d6 3.d4 cxd4 4.Nxd4 Nf6 5.Nc3 a6 6.Be3 Ng4 7.Bg5 h6 8.Bh4 g5
9.Bg3 Bg7 10.Qd2 Nc6 11.Nb3 b5 12.h4 b4 13.Nd1 a5 14.a3 gxh4 15.Rxh4 Bd7
16.Be2 Nf6 17.a4 h5 18.f3 Ne5 19.Rh1 Bh6 20.Bf4 Bxf4 21.Qxf4 Rg8 22.Kf1 Qb6
23.Qe3 Qc7 24.Nd4 e6 25.Qd2 Ke7 26.b3 Rad8 27.Ne3 Bc6 28.c3 bxc3 29.Qxc3 Qb6
30.Rd1 Bd7 31.Qe1 Qc5 32.Bb5 Rb8 33.Qd2 Rgc8 34.Ke2 Ng6 35.Rhe1 Qe5 36.Nc4 Qh2
37.Kf1 Nf4 38.Ne3 Rg8 39.Ndf5+ Kd8 40.Qxd6 Rxb5 41.axb5 exf5 42.Qxf6+ Ke8
43.Rxd7 Qh1+ 44.Kf2 Nh3+ 45.Ke2 Nf4+ 46.Kd2 Kxd7 47.Rxh1  1-0

[Event "Santiago Esucomex op"]
[Site "Santiago"]
[Date "1998.??.??"]
[Round "8"]
[White "Valdes, Erick"]
[Black "Brito, Jaime"]
[Result "0-1"]
[WhiteElo "2070"]
[BlackElo "2175"]

1.e4 c5 2.Nf3 d6 3.d4 cxd4 4.Nxd4 Nf6 5.Nc3 a6 6.Be3 e6 7.f3 Qc7 8.Qd2 b5
9.Bd3 Be7 10.g4 Nc6 11.Nxc6 Qxc6 12.O-O-O O-O 13.h4 Nd7 14.h5 Ne5 15.Qf2 Nxd3+
16.Rxd3 b4 17.Ne2 a5 18.g5 Ba6 19.Rdd1 Qc4 20.Nf4 Qxa2 21.g6 Bf6 22.gxh7+ Kxh7
23.Bd4 Bxd4 24.Qxd4 e5 25.Qe3 exf4 26.Qxf4 Qa1+ 27.Kd2 Qxb2 28.Qf5+ Kh8 29.h6 g6
30.Qd5 Rac8 31.Rc1 Qc3+  0-1

[Event "Sao Paulo State-ch3"]
[Site "Sao Caetano"]
[Date "1998.??.??"]
[Round "?"]
[White "Milos, Gilberto"]
[Black "Leal, Paulo"]
[Result "1-0"]
[WhiteElo "2555"]
[BlackElo "2085"]

1.e4 c5 2.Nf3 d6 3.d4 cxd4 4.Nxd4 Nf6 5.Nc3 a6 6.Be3 e6 7.f4 Be7 8.Qf3 Qc7
9.g4 e5 10.Nf5 Bxf5 11.exf5 d5 12.fxe5 Qxe5 13.O-O-O Nxg4 14.Bd4 Bg5+ 15.Kb1 Qf4
16.Qe2+ Kd8 17.Nxd5 Qxf5 18.Bxg7 Re8 19.Nf6+ Nd7 20.Qxe8+  1-0

[Event "Staufer op 10th"]
[Site "Schwaebisch Gmuend"]
[Date "1998.??.??"]
[Round "3"]
[White "Meijers, Viesturs"]
[Black "Rau, Juergen"]
[Result "1-0"]
[WhiteElo "2440"]
[BlackElo "2170"]

1.e4 c5 2.Nf3 d6 3.d4 cxd4 4.Nxd4 Nf6 5.Nc3 a6 6.Be3 e6 7.Qf3 Qc7 8.O-O-O Nbd7
9.Qh3 Nc5 10.f3 b5 11.a3 Bb7 12.g4 Nfd7 13.g5 g6 14.Kb1 Nb6 15.Qg3 O-O-O
16.Ndxb5 axb5 17.Nxb5 Qe7 18.Bxc5  1-0

[Event "POL-ch (Women)"]
[Site "Sopot"]
[Date "1998.??.??"]
[Round "?"]
[White "Iwaniuk, Dorota"]
[Black "Dworakowska, Joanna"]
[Result "0-1"]
[WhiteElo "2190"]
[BlackElo "2355"]

1.e4 c5 2.Nf3 d6 3.d4 cxd4 4.Nxd4 Nf6 5.Nc3 a6 6.Be3 e5 7.Nb3 Be6 8.f3 Nbd7
9.g4 b5 10.g5 Nh5 11.Qd2 Be7 12.O-O-O Nb6 13.Nd5 Nxd5 14.exd5 Bd7 15.Rg1 a5
16.Kb1 b4 17.Bc4 Qb8 18.Qf2 O-O 19.Nc1 a4 20.Qh4 g6 21.b3 Rc8 22.Nd3 Ng7
23.Qe1 Nf5 24.Bf2 Bb5 25.Bxb5 Qxb5 26.Nxb4 axb3 27.cxb3 Rcb8 28.Rg4 Bd8 29.Rc1 Ba5
30.Rcc4 Bxb4 31.Qxb4 Qxd5 32.Qc3 Qd1+ 33.Qc1 Qxf3 34.Qc2 d5 35.Rb4 Rc8 36.Qd2 Nd4
37.Rgxd4 exd4 38.Bxd4 Re8 39.Bb2 Qf1+ 40.Bc1 Rac8 41.Rf4 Qh1 42.Kb2 Re2  0-1

[Event "POL-ch (Women)"]
[Site "Sopot"]
[Date "1998.??.??"]
[Round "?"]
[White "Grabarska, Barbara"]
[Black "Iwaniuk, Dorota"]
[Result "1/2-1/2"]
[WhiteElo "2245"]
[BlackElo "2190"]

1.e4 c5 2.Nf3 d6 3.d4 cxd4 4.Nxd4 Nf6 5.Nc3 a6 6.Be3 e5 7.Nf3 Qc7 8.a4 Be7
9.a5 O-O 10.Be2 Nc6 11.Bb6 Qd7 12.Nd2 d5 13.exd5 Nxd5 14.Nxd5 Qxd5 15.O-O Bf5
16.Nc4 Qe6 17.Ne3 Bd8 18.Bc5 Be7 19.Bb6 Bd8 20.Bc5 Be7 21.Bb6  1/2-1/2

[Event "POL-ch (Women)"]
[Site "Sopot"]
[Date "1998.??.??"]
[Round "?"]
[White "Kucypera, Anna"]
[Black "Dworakowska, Joanna"]
[Result "1/2-1/2"]
[WhiteElo "2140"]
[BlackElo "2355"]

1.e4 c5 2.Nf3 d6 3.d4 cxd4 4.Nxd4 Nf6 5.Nc3 a6 6.Be3 e6 7.Qd2 b5 8.f3 Bb7
9.g4 Nfd7 10.Qf2 Nc6 11.O-O-O Rc8 12.Nxc6 Rxc6 13.Ne2 Qa8 14.Nd4 Rc7 15.Kb1 Be7
16.h4 h5 17.Bh3 Nc5 18.gxh5 Rxh5 19.Bg4 Rh8 20.Bg5 Qd8 21.Rhg1 g6 22.Ne2 Bxg5
23.hxg5 Qe7 24.Nc3 Rf8 25.Qd4 Qxg5 26.Bxe6 Nxe6 27.Rxg5 Nxd4 28.Rxd4 Ke7
29.Nd5+ Bxd5 30.Rgxd5 Rc6 31.a4 bxa4 32.Rxa4 Rh8 33.Rad4 Rh1+ 34.Rd1 Rxd1+
35.Rxd1 Ke6 36.Rd5 Rc5 37.Rd4 Ke5 38.c3 a5 39.Kc2 Kf4 40.Rxd6 Kxf3 41.Kd3 Rb5
42.Rf6+ Kg3 43.Rxf7 Rxb2 44.Rf6 g5 45.Rf5 g4 46.Rxa5 Rb8 47.Ke3 Rc8 48.Kd4 Kg2
49.c4 g3 50.e5 Kf3 51.e6 Rd8+ 52.Ke5 Rd1 53.Kf6 g2 54.Rg5 Rd4 55.e7 Rf4+
56.Kg7 Re4 57.Kf6 Rf4+ 58.Kg7 Re4 59.Kf6  1/2-1/2

[Event "ROM-chT"]
[Site "Sovata"]
[Date "1998.??.??"]
[Round "2"]
[White "Lakos, Nikoletta"]
[Black "Litinskaya, Marta I"]
[Result "0-1"]
[WhiteElo "2385"]
[BlackElo "2340"]

1.e4 c5 2.Nf3 d6 3.d4 cxd4 4.Nxd4 Nf6 5.Nc3 a6 6.Be3 e5 7.Nb3 Be7 8.f3 Be6
9.Qd2 Nbd7 10.g4 h6 11.O-O-O b5 12.h4 b4 13.Nd5 Bxd5 14.exd5 Nb6 15.Bxb6 Qxb6
16.Kb1 a5 17.Qd3 Rb8 18.Be2 Nd7 19.Nd2 a4 20.Nc4 Qc7 21.Qe3 Nb6 22.Na5 O-O
23.Qe4 a3 24.Nc6 Na4 25.Nxb8 Qxb8 26.g5 Nc3+  0-1

[Event "Petrov mem"]
[Site "St Petersburg"]
[Date "1998.??.??"]
[Round "6"]
[White "Ionov, Sergey"]
[Black "Savon, Vladimir A"]
[Result "1-0"]
[WhiteElo "2530"]
[BlackElo "2425"]

1.Nf3 c5 2.e4 d6 3.d4 cxd4 4.Nxd4 Nf6 5.Nc3 a6 6.Be3 Nbd7 7.f3 d5 8.Nxd5 Nxd5
9.exd5 Qa5+ 10.Qd2 Qxd5 11.c4 Qd6 12.Be2 e5 13.Nc2 Qc7 14.O-O Be7 15.Nb4 Nf6
16.Rac1 Be6 17.Rfd1 Rd8 18.Nd5 Bxd5 19.cxd5 Qb8 20.Qa5 Bd6 21.Qa4+ Nd7 22.Bd3 Kf8
23.Bf5 Nf6 24.Bb6 Re8 25.Bd7 Nxd7 26.Qxd7 g6 27.Bc7  1-0

[Event "Petrov mem"]
[Site "St Petersburg"]
[Date "1998.??.??"]
[Round "8"]
[White "Malyshev, Igor"]
[Black "Shakhov, Aleksandr E"]
[Result "0-1"]
[WhiteElo "2300"]
[BlackElo "2215"]

1.e4 c5 2.Nf3 d6 3.d4 cxd4 4.Nxd4 Nf6 5.Nc3 a6 6.Be3 e6 7.Qd2 b5 8.f3 Nbd7
9.g4 h6 10.Rg1 Nb6 11.h4 Nfd7 12.g5 g6 13.h5 Ne5 14.hxg6 Nxg6 15.O-O-O Bd7
16.f4 hxg5 17.Rxg5 Qc7 18.Qf2 Rb8 19.Bd3 Ne7 20.Bxb5 Nc4 21.Bxc4 Qxc4 22.f5 e5
23.Nb3 f6 24.Rg2 d5 25.Nxd5 Nxd5 26.exd5 a5 27.Qg3 Bxf5 28.Qf3 Qe4 29.Qxe4 Bxe4
30.Rf2 Rh3 31.Bd2 a4 32.Na5 f5 33.Nc6 Rc8 34.Bc3 Bh6+ 35.Kb1 Bxd5 36.Nxe5 Be4
37.Re1 Bg7 38.Rg1 Rcxc3 39.bxc3 Bxe5 40.Rd2 Ke7 41.c4 Rh8 42.Rf1 a3 43.Kc1 Ke6
44.Re2 Rd8 45.Rd2 Rc8 46.Kd1 Rxc4 47.Ke2 Bb2 48.Kd1 Ke5 49.Rff2 Bd4 50.Rf1 Be3
51.Rh2 Bf4 52.Rhf2 Rd4+ 53.Ke2 Bg3  0-1

[Event "SVK-chT1W 9798"]
[Site "SVK"]
[Date "1998.??.??"]
[Round "?"]
[White "Pinter, Erik"]
[Black "Vyboch, Jozef"]
[Result "1-0"]
[WhiteElo "2125"]
[BlackElo "1990"]

1.e4 c5 2.Nf3 d6 3.d4 cxd4 4.Nxd4 Nf6 5.Nc3 a6 6.Be3 e6 7.Be2 Be7 8.O-O O-O
9.f4 Qc7 10.g4 Nc6 11.g5 Nxd4 12.Bxd4 Nd7 13.Bd3 Re8 14.Qh5 g6 15.Qh4 Qd8
16.Be3 Bf8 17.Rf3 Bg7 18.Raf1 h5 19.Ne2 b5 20.f5 Ne5 21.f6 Nxf3+ 22.Rxf3 Bf8
23.Ng3 e5 24.Nxh5 Qd7 25.Rg3 d5 26.Be2 dxe4 27.Bg4 Qd5 28.Nf4 exf4 29.Rh3 Qd1+
30.Bxd1 Bxh3 31.Qxf4 Rad8 32.Be2 Bd6 33.Qh4 Be6 34.a3 Rc8 35.b4 Rxc2 36.Bc5 Bxc5+
37.bxc5 Rxe2 38.Qh6  1-0

[Event "SVK-chT1W 9798"]
[Site "SVK"]
[Date "1998.??.??"]
[Round "?"]
[White "Farkas, Juraj"]
[Black "Botto, V."]
[Result "0-1"]
[WhiteElo "1965"]
[BlackElo "2070"]

1.e4 c5 2.Nf3 d6 3.d4 cxd4 4.Nxd4 Nf6 5.Nc3 a6 6.Be3 e5 7.Nb3 Be6 8.Be2 Be7
9.O-O O-O 10.a4 Nbd7 11.f4 exf4 12.Rxf4 Ne5 13.Nd5 Bxd5 14.exd5 Rc8 15.a5 Nfd7
16.Rb4 Qc7 17.c4 Rfe8 18.Qd2 Nc5 19.Nxc5 dxc5 20.Rb3 Bd6 21.Bf4 Nxc4 22.Bxc4 Bxf4
23.Qc2 Bxh2+ 24.Kh1 Bd6 25.Rh3 g6 26.Qf2 Re5 27.g4 Rce8 28.Rf1 f5 29.Rg1 Qf7
30.Rf3 Rf8 31.b3 f4 32.Rh3 Qd7 33.Qh4 Re3 34.Rxe3 fxe3 35.Qh6 Rf2 36.Re1 Qxg4  0-1